Nigerian journal of basic and clinical sciences (Record no. 38533)

MARC details
000 -LEADER
fixed length control field 00466nam a2200157Ia 4500
022 ## - INTERNATIONAL STANDARD SERIAL NUMBER
ISSN 0331-5340
050 ## - CALL MARK
Classification number R98 .N54/
245 #0 - TITLE STATEMENT
Title Nigerian journal of basic and clinical sciences
260 ## - PUBLICATION, DISTRIBUTION, ETC. (IMPRINT)
Place of publication Kano, Nigeria
260 ## - PUBLICATION, DISTRIBUTION, ETC. (IMPRINT)
Name of publisher College of Health Sciences, Bayero University, Kano.
260 ## - PUBLICATION, DISTRIBUTION, ETC. (IMPRINT)
Year of publication 2024
300 ## - PHYSICAL DESCRIPTION
Number of Pages v, :ill. ; 28 cm.
650 ## - SUBJECT ADDED ENTRY--TOPICAL TERM
Topical Term Medicine--Nigeria--Periodicals. Medicine. Medicine. Nigeria. Nigeria.
942 ## - ADDED ENTRY ELEMENTS (KOHA)
Koha item type Serials
Source of classification Library of Congress Classification

No items available.